Management decisions

Salvato in:
Dettagli Bibliografici
Autore principale: Cooke, Steve
Altri autori: Slack Nigel
Natura: Libro
Pubblicazione: New York : Prentice Hall International , c1991.
Edizione:2nd ed.
Soggetti:
Tags: Aggiungi Tag
Nessun Tag, puoi essere il primo ad aggiungerne!!

MARC

LEADER 00000nam a2200000 4500
020 |a 9780135434062  |c NA 
040 |a MUL  |b eng  |e AACR 
082 |a 658.403 COO 
100 |a  Cooke, Steve 
245 |a Management decisions  |c Steve Cooke, and Nigel Slack 
250 |a 2nd ed. 
260 |a  New York :  |b Prentice Hall International ,  |c c1991. 
300 |a xvi, 330 p. :   |b ill. ;   |c 23 cm. 
500 |a Includes index. 
546 |a eng.  
650 |a Management 
650 |a Decision making 
700 |a  Slack Nigel 
942 |c BK 
999 |c 5315  |d 5315